[Event "Thailand Team op"]
[Site "Bangkok"]
[Date "2022.12.06"]
[Round "7.3"]
[White "Nattavutthisit, Kavin"]
[Black "Aba A, Reynaldo"]
[Result "1-0"]
[WhiteElo "1893"]
[BlackElo "1653"]
[PlyCount "83"]
[EventDate "2022.12.03"]
[EventType "team-swiss"]
[EventRounds "9"]
[EventCountry "THA"]
[SourceTitle "CBM 211 Extra"]
[Source "ChessBase"]
[SourceDate "2023.01.31"]
[SourceVersion "1"]
[SourceVersionDate "2023.01.31"]
[SourceQuality "1"]
[WhiteTeam "East Bangapi"]
[BlackTeam "JCA"]
[WhiteTeamCountry "THA"]
[BlackTeamCountry "THA"]

1. d4 d6 2. e4 Nf6 3. Nc3 Nc6 4. Bf4 a6 5. a4 Bg4 6. f3 Bc8 7. a5 Nh5 8. Be3 e5 9. Nge2 Be7 10. d5 Nb8 11. Qd2 Nd7 12. g3 h6 13. h4 Nf8 14. 0-0-0 c5 15. Na4 b5 16. axb6 Bd7 17. Qa5 Bb5 18. g4 Bxe2 19. Bxe2 Ng3 20. Bxa6 Nxh1 21. Bb5+ Nd7 22. Bxd7+ Kf8 23. Qb5 Ng3 24. b7 Rb8 25. Bc6 g6 26. Nb6 Kg7 27. Nd7 Bxh4 28. Nxb8 Qxb8 29. Rd3 Qc7 30. Ra3 Rb8 31. Ra8 h5 32. Qa6 Bd8 33. gxh5 gxh5 34. Bf2 h4 35. Kd1 Qe7 36. Rxb8 Qf6 37. Qd3 Nh1 38. Be1 h3 39. Qf1 Qf4 40. Rxd8 Ng3 41. Bxg3 Qxg3 42. b8Q 1-0

[Event "Thailand Team op"]
[Site "Bangkok"]
[Date "2022.12.03"]
[Round "1.3"]
[White "Iamwattananan, Nattapong"]
[Black "Nattavutthisit, Kavin"]
[Result "0-1"]
[WhiteElo "1096"]
[BlackElo "1893"]
[PlyCount "104"]
[EventDate "2022.12.03"]
[EventType "team-swiss"]
[EventRounds "9"]
[EventCountry "THA"]
[SourceTitle "CBM 211 Extra"]
[Source "ChessBase"]
[SourceDate "2023.01.31"]
[SourceVersion "1"]
[SourceVersionDate "2023.01.31"]
[SourceQuality "1"]
[WhiteTeam "TU CC"]
[BlackTeam "East Bangapi"]
[WhiteTeamCountry "THA"]
[BlackTeamCountry "THA"]

1. e4 c5 2. c3 Nf6 3. e5 Nd5 4. d4 cxd4 5. cxd4 d6 6. Nf3 Nc6 7. Be2 Bg4 8. 0-0 e6 9. Nc3 dxe5 10. Nxd5 Qxd5 11. dxe5 Qxd1 12. Rxd1 Nxe5 13. Nxe5 Bxe2 14. Re1 Ba6 15. Bd2 f6 16. Nf3 Kf7 17. Rac1 Bd6 18. Nd4 Rhe8 19. Be3 Rac8 20. a3 Bc4 21. Red1 Be7 22. b4 a6 23. Rc3 Bd5 24. Rdc1 Rxc3 25. Rxc3 Bd6 26. g3 Ke7 27. f4 g6 28. h4 Kd7 29. Kf2 Rc8 30. Rxc8 Kxc8 31. Ne2 Kd7 32. Nc3 Kc6 33. Ke1 e5 34. Kd2 Bf3 35. Kd3 Kd7 36. Bd2 Bc6 37. Be3 Ke6 38. Ne4 Bxe4+ 39. Kxe4 f5+ 40. Kd3 Kd5 41. Bd2 exf4 42. gxf4 Be7 43. Be1 b5 44. Bg3 Bf6 45. Kc2 Ke4 46. Kb3 Kf3 47. Be1 Kxf4 48. Bd2+ Ke4 49. Be1 Kd3 50. Bg3 Bd4 51. a4 Be3 52. Be1 f4 0-1

[Event "THA-ch 45th"]
[Site "Ayutthaya"]
[Date "2022.04.12"]
[Round "9"]
[White "Burbach, Brunel Baron"]
[Black "Nattavutthisit, Kavin"]
[Result "1/2-1/2"]
[WhiteElo "1792"]
[BlackElo "1891"]
[PlyCount "78"]
[EventDate "2022.04.08"]
[EventType "swiss"]
[EventRounds "9"]
[EventCountry "THA"]
[SourceTitle "CBM 207 Extra"]
[Source "ChessBase"]
[SourceDate "2022.05.31"]
[SourceVersion "1"]
[SourceVersionDate "2022.05.31"]
[SourceQuality "1"]

1. e4 e5 2. Nf3 Nc6 3. Bc4 Bc5 4. c3 Nf6 5. d3 0-0 6. 0-0 d5 7. exd5 Nxd5 8. a4 Bg4 9. h3 Bh5 10. Nbd2 a6 11. Ne4 Be7 12. Ng3 Bg6 13. a5 b5 14. axb6 Nxb6 15. Re1 e4 16. Nd4 Nxd4 17. cxd4 Qxd4 18. Nxe4 Nxc4 19. Ra4 Rfd8 20. Qc2 Qxd3 21. Qxd3 Rxd3 22. Rxc4 Bxe4 23. Rcxe4 Bf8 24. Bf4 Rd7 25. Rc4 Bd6 26. Bxd6 cxd6 27. Ra4 g6 28. Rea1 Rda7 29. Rd4 Rd7 30. Rda4 Rb8 31. R1a2 Ra7 32. Rxa6 Rxa6 33. Rxa6 Rxb2 34. Rxd6 Rc2 35. Ra6 Rb2 36. Rd6 Rc2 37. Ra6 Rb2 38. Rd6 Rc2 39. Ra6 Rb2 1/2-1/2

[Event "THA-ch 45th"]
[Site "Ayutthaya"]
[Date "2022.04.08"]
[Round "1"]
[White "Yingchuros, Suriya"]
[Black "Nattavutthisit, Kavin"]
[Result "0-1"]
[WhiteElo "1241"]
[BlackElo "1891"]
[PlyCount "60"]
[EventDate "2022.04.08"]
[EventType "swiss"]
[EventRounds "9"]
[EventCountry "THA"]
[SourceTitle "CBM 207 Extra"]
[Source "ChessBase"]
[SourceDate "2022.05.31"]
[SourceVersion "1"]
[SourceVersionDate "2022.05.31"]
[SourceQuality "1"]

1. e4 c5 2. Nf3 Nc6 3. d4 cxd4 4. Nxd4 g6 5. Be3 Nf6 6. Nc3 Bg7 7. Qd2 Ng4 8. Nxc6 dxc6 9. Qxd8+ Kxd8 10. Rd1+ Ke8 11. Rd3 Nxe3 12. Rxe3 Be6 13. b3 Bd4 14. Rd3 Rd8 15. Ne2 Bb6 16. Rxd8+ Kxd8 17. Nf4 Bd7 18. Be2 Ba5+ 19. Kf1 Bc3 20. Nd3 Kc7 21. f3 Bd4 22. Ke1 Be3 23. Kd1 c5 24. Re1 Rd8 25. Bf1 Bd4 26. Kc1 b5 27. Nb2 Be5 28. g3 Bc6 29. Be2 Bd4 30. Rd1 h5 0-1

[Event "Bangkok Asian Games qual"]
[Site "Bangkok"]
[Date "2022.01.08"]
[Round "8"]
[White "Kananub, Warot"]
[Black "Nattavutthisit, Kavin"]
[Result "1-0"]
[WhiteElo "2169"]
[BlackElo "1881"]
[PlyCount "77"]
[EventDate "2022.01.04"]
[EventType "tourn"]
[EventRounds "9"]
[EventCountry "THA"]
[SourceTitle "EXT 2023"]
[Source "ChessBase"]
[SourceDate "2022.10.05"]
[SourceVersion "1"]
[SourceVersionDate "2022.10.05"]
[SourceQuality "1"]

1. Nf3 d5 2. g3 Nd7 3. d4 Nb6 4. Bg2 Nf6 5. 0-0 Bf5 6. Nh4 Bg4 7. h3 Bh5 8. g4 Bg6 9. Nd2 e6 10. Nxg6 hxg6 11. Re1 Ne4 12. Nxe4 dxe4 13. e3 f5 14. f3 fxg4 15. f4 gxh3 16. Bxe4 Qh4 17. Bxg6+ Kd7 18. Kh1 Nd5 19. Rg1 Nf6 20. Qf3 h2 21. Rg3 Bd6 22. Bd2 Raf8 23. Rf1 Kc8 24. Rf2 Rh6 25. Rfg2 Kb8 26. Bd3 Ne8 27. Rg5 Be7 28. R5g4 Qh5 29. R4g3 Qh4 30. Qg4 Qf6 31. Rh3 Rfh8 32. Rxh6 Qxh6 33. Qg6 Qh3 34. Qg4 Qh6 35. Bc4 Nd6 36. Bd3 Bf6 37. Qxe6 Qh4 38. Qg4 Qh6 39. c3 1-0

[Event "Bangkok Asian Games qual"]
[Site "Bangkok"]
[Date "2022.01.07"]
[Round "6"]
[White "Nattavutthisit, Kavin"]
[Black "Sajjapornthep, Jarunpol"]
[Result "1-0"]
[WhiteElo "1881"]
[BlackElo "1862"]
[PlyCount "41"]
[EventDate "2022.01.04"]
[EventType "tourn"]
[EventRounds "9"]
[EventCountry "THA"]
[SourceTitle "EXT 2023"]
[Source "ChessBase"]
[SourceDate "2022.10.05"]
[SourceVersion "1"]
[SourceVersionDate "2022.10.05"]
[SourceQuality "1"]

1. d4 d5 2. c4 e6 3. Nf3 c6 4. Nbd2 Nf6 5. g3 Bb4 6. Bg2 dxc4 7. 0-0 c3 8. bxc3 Bxc3 9. Ba3 Qa5 10. Nc4 Qa6 11. Nd6+ Kd7 12. Qb3 Bxa1 13. Rxa1 Rd8 14. Rc1 b6 15. Ne5+ Kc7 16. Nb5+ Kb7 17. Rxc6 Nxc6 18. Nxc6 Rd5 19. Bxd5 Bd7 20. Nb4+ Nxd5 21. Nd6+ 1-0

[Event "Bangkok Thailand op"]
[Site "Bangkok"]
[Date "2021.12.21"]
[Round "8"]
[White "Nattavutthisit, Kavin"]
[Black "Frost, Peter"]
[Result "1-0"]
[WhiteElo "1857"]
[BlackElo "1755"]
[PlyCount "109"]
[EventDate "2021.12.15"]
[EventType "swiss"]
[EventRounds "9"]
[EventCountry "THA"]
[SourceTitle "CBM 206 Extra"]
[Source "ChessBase"]
[SourceDate "2022.03.31"]
[SourceVersion "1"]
[SourceVersionDate "2022.03.31"]
[SourceQuality "1"]

1. d4 d5 2. c4 e6 3. Nf3 Nf6 4. g3 Be7 5. Bg2 0-0 6. 0-0 dxc4 7. Ne5 Nc6 8. Bxc6 bxc6 9. Nxc6 Qe8 10. Ne5 Qd8 11. Nc6 Qe8 12. Nxe7+ Qxe7 13. Qa4 a5 14. Qxc4 Ba6 15. Qc2 Rfd8 16. Rd1 c5 17. dxc5 Rxd1+ 18. Qxd1 Qxc5 19. Be3 Qc6 20. Nc3 Bb7 21. f3 Ng4 22. Qd4 h5 23. Rd1 Rc8 24. Qb6 Nxe3 25. Qxe3 g6 26. Kg2 Qc5 27. Rd8+ Kg7 28. Qxc5 Rxc5 29. Kf2 Kf6 30. Rd7 Bd5 31. f4 Kg7 32. e4 Bc4 33. Ra7 e5 34. Ke3 exf4+ 35. gxf4 Be6 36. a3 g5 37. f5 Bb3 38. Rb7 a4 39. Rb4 Ra5 40. Ne2 Kf6 41. Nd4 Ba2 42. Rb6+ Kg7 43. Nf3 f6 44. Rb7+ Bf7 45. e5 g4 46. e6 gxf3 47. Rxf7+ Kg8 48. Rxf6 Rb5 49. Kxf3 Re5 50. Rf7 Re1 51. Kf4 Re2 52. Kg5 Rxh2 53. Kf6 h4 54. e7 Re2 55. Rf8+ 1-0

[Event "Bangkok Thailand op"]
[Site "Bangkok"]
[Date "2021.12.20"]
[Round "7"]
[White "Sajjapornthep, Jarunpol"]
[Black "Nattavutthisit, Kavin"]
[Result "0-1"]
[WhiteElo "1865"]
[BlackElo "1857"]
[PlyCount "82"]
[EventDate "2021.12.15"]
[EventType "swiss"]
[EventRounds "9"]
[EventCountry "THA"]
[SourceTitle "CBM 206 Extra"]
[Source "ChessBase"]
[SourceDate "2022.03.31"]
[SourceVersion "1"]
[SourceVersionDate "2022.03.31"]
[SourceQuality "1"]

1. e4 c5 2. c4 Nc6 3. Nc3 g6 4. g3 Bg7 5. Bg2 d6 6. Nge2 e6 7. 0-0 Nge7 8. h3 0-0 9. Kh2 a6 10. d3 Rb8 11. Be3 Nd4 12. Qd2 b5 13. Rad1 Nec6 14. b3 Qd7 15. f4 Bb7 16. Qe1 Nc2 17. Qf2 Nxe3 18. Qxe3 Nd4 19. Qf2 b4 20. Nb1 a5 21. Nxd4 Bxd4 22. Qc2 a4 23. Nd2 Ra8 24. Nf3 Bc3 25. Ng1 axb3 26. axb3 Ra3 27. Ne2 Bg7 28. d4 cxd4 29. Nxd4 Rfa8 30. Nb5 Ra2 31. Qd3 f5 32. Qxd6 Bxe4 33. Rg1 Qxd6 34. Rxd6 Bf8 35. Rdd1 Bc5 36. Kh1 Rxg2 37. Rxg2 Ra2 38. Rdg1 Bxg1 39. Kxg1 Rxg2+ 40. Kf1 Rxg3 41. Nd4 Rxh3 0-1

[Event "Bangkok Thailand op"]
[Site "Bangkok"]
[Date "2021.12.17"]
[Round "4"]
[White "Nattavutthisit, Kavin"]
[Black "Prommuang, Araya"]
[Result "1-0"]
[WhiteElo "1857"]
[BlackElo "1542"]
[PlyCount "77"]
[EventDate "2021.12.15"]
[EventType "swiss"]
[EventRounds "9"]
[EventCountry "THA"]
[SourceTitle "CBM 206 Extra"]
[Source "ChessBase"]
[SourceDate "2022.03.31"]
[SourceVersion "1"]
[SourceVersionDate "2022.03.31"]
[SourceQuality "1"]

1. Nf3 c5 2. g3 Nc6 3. Bg2 g6 4. 0-0 Bg7 5. c4 d6 6. Nc3 e5 7. d3 h6 8. Ne1 Nge7 9. Nc2 Be6 10. Ne3 0-0 11. Ned5 Qd7 12. Rb1 Rab8 13. a3 a6 14. Re1 Kh7 15. b4 b5 16. bxc5 dxc5 17. Nxe7 Nxe7 18. Ne4 Rfc8 19. Be3 Qa7 20. cxb5 Rxb5 21. Rc1 Nf5 22. Qd2 Nxe3 23. Qxe3 Qb6 24. Nc3 Rb3 25. Na4 Qd6 26. Nxc5 Rxa3 27. Nxe6 Rxc1 28. Qxc1 fxe6 29. Be4 Qb4 30. Kf1 a5 31. Qc8 Qe7 32. Rb1 a4 33. Rb7 Qf6 34. Rb6 Ra1+ 35. Kg2 a3 36. Rxe6 Qf7 37. Qc6 a2 38. Bxg6+ Qxg6 39. Rxg6 1-0

[Event "THA-chT Rapid"]
[Site "Bangkok"]
[Date "2021.12.14"]
[Round "5.1"]
[White "Nattavutthisit, Kavin"]
[Black "Wongsawan, Thoetsak"]
[Result "1-0"]
[WhiteElo "1791"]
[BlackElo "1704"]
[PlyCount "89"]
[EventDate "2021.12.13"]
[EventType "team-swiss (rapid)"]
[EventRounds "9"]
[EventCountry "THA"]
[SourceTitle "CBM 205 Extra"]
[Source "ChessBase"]
[SourceDate "2022.01.31"]
[SourceVersion "1"]
[SourceVersionDate "2022.01.31"]
[SourceQuality "1"]
[WhiteTeam "Chiang Mai"]
[BlackTeam "Pattaya 101"]
[WhiteTeamCountry "THA"]
[BlackTeamCountry "THA"]

1. d4 Nf6 2. c4 e6 3. Nc3 Bb4 4. Qc2 c5 5. dxc5 Nc6 6. Nf3 Bxc5 7. Bf4 b6 8. e3 Bb7 9. a3 a5 10. Nb5 0-0 11. Rd1 d5 12. Bd3 h6 13. cxd5 exd5 14. Bf5 d4 15. Nbxd4 Nxd4 16. Nxd4 Nd5 17. Nb3 Nxf4 18. Rxd8 Nxg2+ 19. Kf1 Raxd8 20. Be4 Nxe3+ 21. fxe3 Ba6+ 22. Kf2 f5 23. Bf3 f4 24. Nxc5 fxe3+ 25. Kxe3 bxc5 26. Rd1 Rde8+ 27. Kf2 Be2 28. Qxe2 Rxe2+ 29. Kxe2 Rf4 30. Ke3 Rh4 31. Rd2 Kf8 32. Rg2 g5 33. Kf2 Ke7 34. Kg3 Kd6 35. Rd2+ Kc7 36. b3 a4 37. bxa4 Rxa4 38. Rd3 Rh4 39. h3 Kb6 40. Bg4 Kb5 41. Rc3 h5 42. Be2+ Kb6 43. Rc4 Rxc4 44. Bxc4 Ka5 45. Bf7 1-0

[Event "THA-chT Rapid"]
[Site "Bangkok"]
[Date "2021.12.13"]
[Round "1.1"]
[White "Nattavutthisit, Kavin"]
[Black "Lalith, Babu MR"]
[Result "0-1"]
[WhiteElo "1791"]
[BlackElo "2557"]
[PlyCount "62"]
[EventDate "2021.12.13"]
[EventType "team-swiss (rapid)"]
[EventRounds "9"]
[EventCountry "THA"]
[SourceTitle "CBM 205 Extra"]
[Source "ChessBase"]
[SourceDate "2022.01.31"]
[SourceVersion "1"]
[SourceVersionDate "2022.01.31"]
[SourceQuality "1"]
[WhiteTeam "Chiang Mai"]
[BlackTeam "SJBVS"]
[WhiteTeamCountry "THA"]
[BlackTeamCountry "THA"]

1. d4 Nf6 2. Bf4 g6 3. Nc3 Bg7 4. e4 d6 5. Qd2 c6 6. Bh6 Bxh6 7. Qxh6 Qa5 8. Bd3 b5 9. 0-0-0 b4 10. Nb1 Qxa2 11. e5 dxe5 12. dxe5 Nd5 13. Qg7 Rf8 14. Nf3 Na6 15. Ng5 Nc5 16. Nxh7 Ne6 17. Qh6 Rg8 18. h4 Nb6 19. Qd2 a5 20. Ng5 Na4 21. c3 Nac5 22. Bc2 Rb8 23. Nxe6 Bxe6 24. cxb4 axb4 25. Qd4 b3 26. Qxc5 bxc2 27. Qxc2 Bf5 28. Nc3 Qa1+ 29. Kd2 Qa5 30. Qc1 Qxe5 31. Ne2 Rxb2+ 0-1

[Event "THA-ch"]
[Site "Bangkok"]
[Date "2021.11.06"]
[Round "3"]
[White "Nattavutthisit, Kavin"]
[Black "Arunnuntapanich, Tinnakrit"]
[Result "0-1"]
[WhiteElo "1857"]
[BlackElo "2094"]
[PlyCount "76"]
[EventDate "2021.11.05"]
[EventType "swiss"]
[EventRounds "9"]
[EventCountry "THA"]
[SourceTitle "CBM 205 Extra"]
[Source "ChessBase"]
[SourceDate "2022.01.31"]
[SourceVersion "1"]
[SourceVersionDate "2022.01.31"]
[SourceQuality "1"]

1. c4 Nf6 2. Nc3 g6 3. e4 d6 4. d4 Bg7 5. Nf3 0-0 6. Be2 e5 7. d5 Ne8 8. Bg5 f6 9. Bh4 h5 10. Bg3 Bh6 11. Bd3 a5 12. Nd2 Na6 13. Qe2 Nc5 14. b3 Nxd3+ 15. Qxd3 Ng7 16. f3 f5 17. h4 b6 18. Bf2 Bd7 19. a3 Qe7 20. Rd1 Ne8 21. b4 axb4 22. axb4 Nf6 23. c5 bxc5 24. bxc5 Ra3 25. Ndb1 fxe4 26. fxe4 Ng4 27. Bg1 Ra1 28. Nd2 Ra3 29. Nf3 Bf4 30. c6 Bg3+ 31. Kd2 Bc8 32. Qb5 Bf4+ 33. Kc2 Ra8 34. Rb1 Ba6 35. Qb3 Rfc8 36. Rh3 Qd8 37. Na2 Rcb8 38. Nb4 Bb5 0-1

[Event "THA-chT op"]
[Site "Bangkok"]
[Date "2020.12.10"]
[Round "2.2"]
[White "Nattavutthisit, Kavin"]
[Black "Brahmawong, Patcharawee"]
[Result "1/2-1/2"]
[WhiteElo "1890"]
[BlackElo "2008"]
[PlyCount "148"]
[EventDate "2020.12.10"]
[EventType "team-swiss"]
[EventRounds "9"]
[EventCountry "THA"]
[SourceTitle "CBM 199 Extra"]
[Source "ChessBase"]
[SourceDate "2021.01.31"]
[SourceVersion "1"]
[SourceVersionDate "2021.01.31"]
[SourceQuality "1"]
[WhiteTeam "Chiang Mai"]
[BlackTeam "Bangkok CC"]
[WhiteTeamCountry "THA"]
[BlackTeamCountry "THA"]

1. d4 Nf6 2. Bf4 d6 3. Nc3 g6 4. e4 Bg7 5. Qd2 h6 6. 0-0-0 g5 7. Be3 Ng4 8. Bc4 Nd7 9. Nge2 e6 10. h4 Nxe3 11. Qxe3 gxh4 12. f4 a6 13. e5 d5 14. Bd3 c5 15. dxc5 Qa5 16. Rxh4 Nxc5 17. f5 Nxd3+ 18. Rxd3 h5 19. Kb1 Qc7 20. f6 Bh6 21. Qg3 Bf8 22. Qh2 b5 23. Rxh5 Rxh5 24. Qxh5 b4 25. Nd1 a5 26. Rg3 Ba6 27. Rg8 0-0-0 28. Nd4 Kb7 29. Rh8 Kb6 30. Rh7 Rd7 31. Qg5 a4 32. Qe3 Bc5 33. c3 b3 34. a3 Rd8 35. Nf2 Rg8 36. g4 Qd7 37. Rh4 Qb5 38. Rh1 Qc4 39. g5 Kb7 40. Qd2 Bb6 41. Rg1 Qc7 42. Re1 Qc4 43. Rh1 Qc7 44. Rh7 Qxe5 45. Rxf7+ Ka8 46. g6 Rxg6 47. Rf8+ Kb7 48. Rf7+ Bc7 49. c4 Rg1+ 50. Nd1 Qe1 51. Rxc7+ Kxc7 52. Nxe6+ Qxe6 53. Qh2+ Kc6 54. cxd5+ Qxd5 55. Qxg1 Qf5+ 56. Ka1 Qxf6 57. Nc3 Qh4 58. Qd1 Qc4 59. Qf3+ Kd7 60. Qf5+ Kc6 61. Qf6+ Kd7 62. Qg7+ Kc6 63. Qg2+ Kd6 64. Qd2+ Kc6 65. Qg2+ Kd7 66. Qg7+ Kc6 67. Qh6+ Kb7 68. Qg7+ Kc6 69. Qf6+ Kd7 70. Qg7+ Kc6 71. Qg2+ Kd6 72. Qh2+ Kc6 73. Qh6+ Kb7 74. Qg7+ Kc6 1/2-1/2

[Event "THA-ch"]
[Site "Bangkok"]
[Date "2020.02.07"]
[Round "3"]
[White "Suppt Hongs, Paisal"]
[Black "Nattavutthisit, Kavin"]
[Result "1/2-1/2"]
[WhiteElo "1770"]
[BlackElo "1895"]
[PlyCount "95"]
[EventDate "2020.02.06"]
[EventType "swiss"]
[EventRounds "9"]
[EventCountry "THA"]
[SourceTitle "CBM 195 Extra"]
[Source "ChessBase"]
[SourceDate "2020.05.31"]
[SourceVersion "1"]
[SourceVersionDate "2020.05.31"]
[SourceQuality "1"]

1. Nf3 e6 2. g3 d5 3. Bg2 Nf6 4. 0-0 b6 5. d3 Bb7 6. c4 Nbd7 7. Qc2 c5 8. a3 Be7 9. Nbd2 Qc7 10. Re1 0-0 11. Nf1 Rfe8 12. Ne3 Bf8 13. Nd1 Rad8 14. b3 Qb8 15. Nc3 d4 16. Nb1 Qa8 17. Nbd2 Ne5 18. Nh4 g6 19. Bxb7 Qxb7 20. Ndf3 Nc6 21. Bg5 Bg7 22. Qc1 e5 23. Bh6 Bh8 24. Bg5 e4 25. dxe4 Rxe4 26. Qc2 Rde8 27. Qd2 R4e6 28. Qd3 Ng4 29. Rab1 Nge5 30. Nxe5 Nxe5 31. Qc2 Qc6 32. Bf4 Nd7 33. Nf3 b5 34. b4 bxc4 35. Qxc4 cxb4 36. Qxc6 Rxc6 37. axb4 Nb6 38. Kf1 Nd5 39. Bd2 Rc4 40. Ra1 Rc7 41. Ra5 Nc3 42. Rc1 Rec8 43. Rca1 Rb7 44. Rxa7 Rxb4 45. Ra8 Rb1+ 46. Kg2 Rbb8 47. Rxb8 Rxb8 48. Re1 1/2-1/2

[Event "Bangkok Chinese New Year op"]
[Site "Bangkok"]
[Date "2020.01.26"]
[Round "8"]
[White "Nattavutthisit, Kavin"]
[Black "Culasing, Michael"]
[Result "0-1"]
[WhiteElo "1683"]
[BlackElo "1799"]
[PlyCount "52"]
[EventDate "2020.01.25"]
[EventType "swiss (rapid)"]
[EventRounds "9"]
[EventCountry "THA"]
[SourceTitle "CBM 194 Extra"]
[Source "ChessBase"]
[SourceDate "2020.03.31"]
[SourceVersion "1"]
[SourceVersionDate "2020.03.31"]
[SourceQuality "1"]

1. d4 Nf6 2. Bf4 d6 3. Nc3 g6 4. e4 Bg7 5. Qd2 c6 6. 0-0-0 b5 7. Bd3 Qa5 8. Kb1 Na6 9. Nf3 Nb4 10. h3 Nxd3 11. cxd3 b4 12. Ne2 0-0 13. Bh6 Rb8 14. Ng3 Be6 15. b3 Qa3 16. Bxg7 Kxg7 17. h4 h5 18. Ng5 Bd7 19. Ne2 a5 20. Nc1 a4 21. f3 axb3 22. Nxb3 Rfc8 23. Rc1 Ra8 24. Rhf1 Ra6 25. Rc2 Rca8 26. Qf4 Qxb3+ 0-1

[Event "Bangkok Chinese New Year op"]
[Site "Bangkok"]
[Date "2020.01.25"]
[Round "2"]
[White "Nattavutthisit, Kavin"]
[Black "Frost, Peter"]
[Result "1-0"]
[WhiteElo "1683"]
[BlackElo "1839"]
[PlyCount "81"]
[EventDate "2020.01.25"]
[EventType "swiss (rapid)"]
[EventRounds "9"]
[EventCountry "THA"]
[SourceTitle "CBM 194 Extra"]
[Source "ChessBase"]
[SourceDate "2020.03.31"]
[SourceVersion "1"]
[SourceVersionDate "2020.03.31"]
[SourceQuality "1"]

1. d4 Nf6 2. Bf4 e6 3. e3 d5 4. c3 c5 5. Nd2 Nc6 6. Bd3 Bd6 7. Bg3 0-0 8. Ngf3 b6 9. Ne5 Bb7 10. 0-0 Qc7 11. f4 Ne7 12. Qf3 Nf5 13. Bf2 Be7 14. g4 Nd6 15. Qh3 Nfe4 16. Rad1 g6 17. g5 Nxd2 18. Rxd2 Ne4 19. Rdd1 c4 20. Bb1 b5 21. Ng4 f5 22. gxf6 Bxf6 23. Bh4 Bxh4 24. Qxh4 a5 25. Bxe4 dxe4 26. Rd2 b4 27. Rg2 bxc3 28. bxc3 a4 29. Ne5 Qg7 30. Qh3 Bd5 31. Kh1 Ra7 32. Rfg1 Rf5 33. Nxg6 hxg6 34. Rxg6 Qxg6 35. Rxg6+ Rg7 36. Qh6 Rxg6 37. Qxg6+ Kf8 38. h4 Ke7 39. h5 Bc6 40. h6 Be8 41. Qxf5 1-0

[Event "Pattaya op"]
[Site "Pattaya"]
[Date "2019.10.26"]
[Round "5"]
[White "Nattavutthisit, Kavin"]
[Black "Roy, Saptarshi"]
[Result "0-1"]
[WhiteElo "1854"]
[BlackElo "2480"]
[PlyCount "86"]
[EventDate "2019.10.23"]
[EventType "swiss"]
[EventRounds "9"]
[EventCountry "THA"]
[SourceTitle "CBM 195 Extra"]
[Source "ChessBase"]
[SourceDate "2020.05.31"]
[SourceVersion "1"]
[SourceVersionDate "2020.05.31"]
[SourceQuality "1"]

1. d4 d5 2. Nf3 e6 3. c4 c6 4. e3 a6 5. b3 Nf6 6. Bb2 c5 7. Bd3 Nc6 8. Nbd2 Be7 9. Rc1 cxd4 10. Nxd4 Nb4 11. Bb1 e5 12. N4f3 e4 13. Ne5 0-0 14. a3 Nc6 15. b4 Bf5 16. cxd5 Nxe5 17. Bxe5 Qxd5 18. Nc4 Qe6 19. Bd4 Rac8 20. Nb6 Rcd8 21. Na4 Nd5 22. h3 Bh4 23. g3 Nxe3 24. fxe3 Bxg3+ 25. Ke2 Bxh3 26. Rxh3 Qxh3 27. Bxe4 Rfe8 28. Nc3 Be5 29. Qd3 Qh2+ 30. Kd1 Bxd4 31. exd4 Qf2 32. Ne2 g6 33. Rc7 b5 34. d5 Qf6 35. Ng3 Qa1+ 36. Rc1 Qe5 37. Qc3 Qf4 38. Qd3 h5 39. Rc6 h4 40. Nh5 gxh5 41. Bg6 Re5 42. Bxf7+ Qxf7 43. Rg6+ Kf8 0-1

[Event "Pattaya op 1st"]
[Site "Pattaya"]
[Date "2019.07.15"]
[Round "8"]
[White "Khumnorkaew, Tupfah"]
[Black "Nattavutthisit, Kavin"]
[Result "1-0"]
[WhiteElo "2029"]
[BlackElo "1854"]
[PlyCount "99"]
[EventDate "2019.07.09"]
[EventType "swiss"]
[EventRounds "9"]
[EventCountry "THA"]
[SourceTitle "EXT 2020"]
[Source "ChessBase"]
[SourceDate "2019.10.17"]
[SourceVersion "1"]
[SourceVersionDate "2019.10.17"]
[SourceQuality "1"]

1. Nf3 Nf6 2. c4 e6 3. e3 c6 4. b3 d5 5. Bb2 Nbd7 6. Be2 Bd6 7. Nc3 a6 8. Qc2 b5 9. cxd5 cxd5 10. Rc1 Bb7 11. d4 b4 12. Na4 Rc8 13. Qb1 Rxc1+ 14. Qxc1 Ne4 15. Nd2 Nxd2 16. Qxd2 0-0 17. 0-0 Qh4 18. g3 Qe7 19. Rc1 Rc8 20. Rxc8+ Bxc8 21. Qc1 Bb7 22. Qf1 Nb8 23. Bd3 e5 24. dxe5 Bxe5 25. Bxe5 Qxe5 26. Nc5 Qc7 27. Nxb7 Qxb7 28. Qc1 Nd7 29. Qc2 g6 30. Bf1 Nf6 31. f3 Qb6 32. Qd3 a5 33. Kf2 Kg7 34. Qb5 Qc7 35. Qd3 Qc1 36. Qe2 Qc3 37. Qd3 Qb2+ 38. Qe2 Qc3 39. Kg1 Qc5 40. Qd2 h6 41. Kf2 h5 42. Qb2 Qb6 43. Bd3 Qd6 44. Qd4 Qc7 45. Qb2 Qc5 46. Qe5 Qc1 47. g4 hxg4 48. fxg4 Qh1 49. g5 Qxh2+ 50. Qxh2 1-0

[Event "Pattaya op 1st"]
[Site "Pattaya"]
[Date "2019.07.09"]
[Round "1"]
[White "Nattavutthisit, Kavin"]
[Black "Mohammad, Nubairshah Shaikh"]
[Result "1/2-1/2"]
[WhiteElo "1854"]
[BlackElo "2449"]
[PlyCount "87"]
[EventDate "2019.07.09"]
[EventType "swiss"]
[EventRounds "9"]
[EventCountry "THA"]
[SourceTitle "EXT 2020"]
[Source "ChessBase"]
[SourceDate "2019.10.17"]
[SourceVersion "1"]
[SourceVersionDate "2019.10.17"]
[SourceQuality "1"]

1. d4 Nf6 2. Nf3 g6 3. c4 Bg7 4. Nc3 0-0 5. e4 d6 6. Be2 Na6 7. 0-0 e5 8. dxe5 dxe5 9. Qxd8 Rxd8 10. Bg5 Re8 11. Nd2 c6 12. f3 Nh5 13. g3 Bh3 14. Rfd1 Nc5 15. Be3 Ne6 16. c5 Nd4 17. Rac1 Be6 18. b3 Rad8 19. Kf2 f5 20. Bc4 Bf8 21. b4 Kf7 22. Bxe6+ Kxe6 23. Nc4 Bg7 24. Nd6 Rxd6 25. cxd6 Rd8 26. Rd2 Rxd6 27. Rcd1 b6 28. Ne2 Nb5 29. a4 Rxd2 30. Rxd2 Nd6 31. Rc2 Kd7 32. a5 fxe4 33. axb6 axb6 34. Bxb6 exf3 35. Kxf3 Nf6 36. Bc5 Nd5 37. Ra2 e4+ 38. Kg2 Nb5 39. Ra8 Be5 40. Rf8 Nd6 41. Ra8 Nb5 42. Rf8 Nd6 43. Ra8 Nb5 44. Rf8 1/2-1/2

[Event "THA-ch"]
[Site "Bangkok"]
[Date "2019.05.01"]
[Round "1"]
[White "Nattavutthisit, Kavin"]
[Black "Chiravanich, Pathee"]
[Result "1-0"]
[WhiteElo "1826"]
[BlackElo "1242"]
[PlyCount "61"]
[EventDate "2019.05.01"]
[EventType "swiss"]
[EventRounds "9"]
[EventCountry "THA"]
[SourceTitle "CBM 190 Extra"]
[Source "ChessBase"]
[SourceDate "2019.07.15"]
[SourceVersion "1"]
[SourceVersionDate "2019.07.15"]
[SourceQuality "1"]

1. Nf3 d5 2. g3 Bf5 3. Bg2 Nf6 4. 0-0 e6 5. c4 c6 6. b3 Bd6 7. Bb2 0-0 8. d3 Nbd7 9. Nbd2 Rc8 10. Re1 Qb6 11. e4 Ng4 12. exf5 Bc5 13. d4 Be7 14. fxe6 fxe6 15. Rxe6 Rf7 16. cxd5 Rcf8 17. Qe2 Bb4 18. Nc4 Qb5 19. a3 cxd5 20. axb4 dxc4 21. bxc4 Qxb4 22. Re8 Nb6 23. Rxf8+ Kxf8 24. Ba3 g6 25. Bxb4+ Kg7 26. h3 Nf6 27. Ng5 Rd7 28. d5 Kh6 29. h4 Rc7 30. Bf8+ Rg7 31. Nf7# 1-0